00912 2200241 4500001002100000005001500021035002000036008004100056020001700097041000800114082001100122084001700133100002000150245005200170260003600222300003000258500001900288504001700307520026800324650003000592990002400622990002400646INLIS00000000000087120221111102841 a0010-0520000871221111 | | eng  a987-564-23-1 aeng a347.05 a347.05 DEA j0 aDean, Howard E.1 aJudicial Review and Democracy /cHoward E. Dean aNew York :bRandom House,c1966 axi, 171 p. ; 22cm ;c22cm aIndeks : Index aBibliography aJudicial and democracy explores the foundation and growth of judicial review and places it in historical perspective. The author analyzes and evaulates in detail the argument that the exercise of this essentially political powere by the judiciary is undemocratic. 4aI. Judicial and democracy a00940/MKRI-P/I-2005 a00940/MKRI-P/I-2005